| 000 | 00367nam a2200133Ia 4500 | ||
|---|---|---|---|
| 008 | 191014s9999 xx 000 0 und d | ||
| 020 | _a978-81-317-2853-6 | ||
| 082 |
_a519.40285 _bFAV |
||
| 100 |
_aLaurene v. Fausett _923859 |
||
| 245 | 0 | _aApplied Numerical Analysis Using MATLAB(2nd Edition) | |
| 260 |
_aIndia _bPearson _c2009 |
||
| 300 | _aXiii,697 | ||
| 942 | _cBK | ||
| 999 |
_c531384 _d531384 |
||